[Event "Bad Woerishofen op"]
[Site "?"]
[Date "2000.??.??"]
[Round "5"]
[White "Saumweber, Walter"]
[Black "Schmitzer, Peter"]
[Result "1-0"]
[WhiteElo "2212"]
[BlackElo "2097"]
[PlyCount "69"]
[EventDate "2000.??.??"]

1. c4 g6 2. g3 Bg7 3. Bg2 Nf6 4. Nc3 c6 5. e4 e5 6. Nge2 d6 7. O-O Be6 8. b3
Qc7 9. Ba3 O-O 10. Rc1 Rd8 11. Bb2 Nbd7 12. h3 Nh5 13. Kh2 Rf8 14. f4 f5 15. d4
exf4 16. Nd5 Bxd5 17. cxd5 fxg3+ 18. Nxg3 Nxg3 19. Kxg3 c5 20. exf5 gxf5 21.
Kh2 Rf7 22. Qe2 Raf8 23. Bf3 Nf6 24. Rg1 Kh8 25. Kh1 Re7 26. Qh2 Re3 27. Qf4
Qe7 28. dxc5 dxc5 29. d6 Qe6 30. d7 Nh5 31. Bxg7+ Nxg7 32. Rcd1 Rd8 33. Rxg7
Kxg7 34. Qg5+ Qg6 35. Qxe3 1-0

[Event "Bad Woerishofen op"]
[Site "?"]
[Date "2000.??.??"]
[Round "7"]
[White "Saumweber, Walter"]
[Black "Jaenig, Reinhard"]
[Result "1-0"]
[WhiteElo "2212"]
[BlackElo "2097"]
[PlyCount "91"]
[EventDate "2000.??.??"]

1. c4 c5 2. g3 Nf6 3. Bg2 d5 4. cxd5 Nxd5 5. Nc3 Nc7 6. Nf3 Nc6 7. O-O e5 8.
Ne1 Bd7 9. Nd3 f6 10. b3 Be7 11. Bb2 O-O 12. f4 exf4 13. Nxf4 b6 14. e3 Rc8 15.
Ncd5 Bd6 16. Qh5 Qe8 17. Qh4 Be5 18. Be4 f5 19. Nxc7 Rxc7 20. Bd5+ Kh8 21. Bxe5
Nxe5 22. Rae1 Rf6 23. e4 Rh6 24. Qg5 Bb5 25. exf5 Re7 26. Ne6 Bxf1 27. Rxe5 Bb5
28. Nxg7 Rg6 29. Nxe8 Rxg5 30. Rxe7 Rxf5 31. Rxh7+ Kxh7 32. Be4 Bxe8 33. Bxf5+
Kg7 34. Kf2 Kf6 35. Bd3 Ke5 36. Ke3 Bh5 37. h3 a5 38. g4 Be8 39. h4 b5 40. g5
b4 41. Be4 a4 42. g6 Kf6 43. d4 axb3 44. axb3 c4 45. bxc4 b3 46. Kd3 1-0

[Event "Bad Woerishofen op"]
[Site "Bad Woerishofen"]
[Date "2000.??.??"]
[Round "2"]
[White "Schaefer, Michael"]
[Black "Schmitzer, Peter"]
[Result "1-0"]
[WhiteElo "2215"]
[BlackElo "2097"]
[PlyCount "107"]
[EventDate "1998.03.05"]
[Source "ChessBase"]
[SourceDate "1998.04.29"]

1. d4 Nf6 2. c4 c5 3. d5 b5 4. Nf3 g6 5. cxb5 a6 6. e3 d6 7. Nc3 Bg7 8. a4 O-O
9. Be2 axb5 10. Bxb5 Bb7 11. O-O Na6 12. e4 Nb4 13. Bf4 Qb6 14. Nd2 Rfd8 15.
Nc4 Qc7 16. Qd2 Ng4 17. h3 Ne5 18. Nxe5 dxe5 19. Bg5 f6 20. Be3 f5 21. Bc4 Kh8
22. f3 Ba6 23. Nb5 Bxb5 24. axb5 f4 25. Bf2 Qd6 26. Qc3 h5 27. Ra3 Rac8 28.
Rfa1 Bf6 29. Kf1 Kh7 30. Ra6 Nxa6 31. bxa6 Qb6 32. b3 Rc7 33. Qa5 Qa7 34. b4
Rdc8 35. Bb5 Qb8 36. Bc6 Rxc6 37. dxc6 cxb4 38. a7 Qa8 39. Qb6 b3 40. Qxb3 Qxc6
41. Qd5 Qxd5 42. exd5 Ra8 43. Rb1 Rc8 44. Rb8 Rc1+ 45. Ke2 Rc2+ 46. Kd3 Rxf2
47. a8=Q Rxg2 48. d6 exd6 49. Rb7+ Kh6 50. Qf8+ Kg5 51. h4+ Kxh4 52. Qxf6+ Kg3
53. Qxg6+ Kxf3 54. Qe4+ 1-0

[Event "Bad Woerishofen op"]
[Site "?"]
[Date "2000.??.??"]
[Round "4"]
[White "Schaefer, Michael"]
[Black "Valent, Peter"]
[Result "1/2-1/2"]
[WhiteElo "2215"]
[BlackElo "2065"]
[PlyCount "55"]
[EventDate "2000.??.??"]

1. d4 Nf6 2. c4 e6 3. Nc3 Bb4 4. g3 d5 5. Bg2 Ne4 6. Qc2 c5 7. cxd5 exd5 8.
Bxe4 cxd4 9. Bg2 dxc3 10. bxc3 Ba5 11. Nf3 Bf5 12. Qxf5 Bxc3+ 13. Bd2 Bxa1 14.
Ng5 Qd7 15. Qd3 h6 16. Nxf7 Rf8 17. O-O Rxf7 18. Rxa1 Nc6 19. Bxd5 Rf5 20. e4
Ne5 21. Qe2 Nf3+ 22. Kg2 O-O-O 23. Rb1 Rxd5 24. exd5 Nxd2 25. Rc1+ Kb8 26. Qxd2
Qxd5+ 27. Qxd5 Rxd5 28. Rc2 1/2-1/2

[Event "Bad Woerishofen op"]
[Site "?"]
[Date "2000.??.??"]
[Round "6"]
[White "Schaefer, Michael"]
[Black "Horther, Heinrich"]
[Result "1-0"]
[WhiteElo "2215"]
[BlackElo "2398"]
[PlyCount "73"]
[EventDate "2000.??.??"]

1. d4 e6 2. c4 d5 3. Nf3 c5 4. cxd5 exd5 5. Nc3 Nc6 6. g3 Nf6 7. Bg2 Be7 8. O-O
O-O 9. Be3 c4 10. Ne5 h6 11. h3 Bb4 12. Qc2 Re8 13. f4 Bxc3 14. bxc3 Nh7 15.
Bf2 f6 16. Nxc6 bxc6 17. e4 Be6 18. g4 Bf7 19. Bg3 c5 20. dxc5 Qe7 21. exd5
Qxc5+ 22. Qf2 Qa3 23. Qd4 Rad8 24. Rf2 f5 25. gxf5 Nf6 26. Bh4 Rd6 27. Bxf6
Rxf6 28. Bf1 Rxf5 29. Rg2 g6 30. d6 Qc5 31. Rd1 Rd8 32. Rb2 g5 33. Qxc5 Rxc5
34. Rb7 gxf4 35. Rd4 f3 36. Kf2 Bd5 37. Rxd5 1-0

[Event "Bad Woerishofen op"]
[Site "?"]
[Date "2000.??.??"]
[Round "8"]
[White "Schaefer, Michael"]
[Black "Kuprejchik, Victor"]
[Result "0-1"]
[WhiteElo "2215"]
[BlackElo "2480"]
[PlyCount "66"]
[EventDate "2000.??.??"]

1. d4 Nf6 2. c4 e6 3. Nc3 Bb4 4. e3 O-O 5. Bd3 c5 6. a3 Bxc3+ 7. bxc3 Nc6 8.
Ne2 b6 9. e4 Ne8 10. Be3 d6 11. O-O Ba6 12. f4 Na5 13. f5 exf5 14. exf5 Nxc4
15. Bc1 d5 16. Ra2 Nf6 17. Rf3 Re8 18. Bg5 h6 19. Bh4 Qd6 20. Qc1 Re7 21. Nf4
cxd4 22. Bxf6 gxf6 23. Nxd5 Qxd5 24. Qxh6 Re1+ 25. Kf2 Re3 26. Rf4 Ne5 27. Bxa6
Qxa2+ 28. Kg1 d3 29. h3 d2 30. Rh4 d1=Q+ 31. Bf1 Qxf1+ 32. Kxf1 Qb1+ 33. Kf2
Qe1# 0-1

[Event "Bad Woerishofen op"]
[Site "?"]
[Date "2000.??.??"]
[Round "2"]
[White "Schaffarth, Marianne"]
[Black "Schmidt, Volker"]
[Result "0-1"]
[WhiteElo "1710"]
[BlackElo "2001"]
[PlyCount "98"]
[EventDate "2000.??.??"]

1. e4 d5 2. exd5 Nf6 3. Bb5+ c6 4. dxc6 bxc6 5. Be2 e5 6. d3 Bd6 7. Nc3 Nbd7 8.
Ne4 Nxe4 9. dxe4 Qc7 10. Nf3 O-O 11. Bd3 Bb7 12. Be3 c5 13. Nd2 Nb6 14. Qe2 Qe7
15. f3 Rac8 16. Nc4 Bb8 17. Nxb6 axb6 18. Bc4 Kh8 19. O-O-O Bc6 20. Bb5 Qe8 21.
Bxc6 Qxc6 22. Rd5 Qa4 23. Kb1 Bc7 24. b3 Qa3 25. Bc1 Qa7 26. Qb5 Ra8 27. a3 Qb7
28. Rhd1 Ra5 29. Qc4 Qc6 30. Rd7 Kg8 31. Bb2 b5 32. Qd5 Qb6 33. Re7 b4 34. a4
c4 35. Qxc4 Rc5 36. Qe2 Rc8 37. Rd5 Bd6 38. Rxc5 Qxc5 39. Rd7 Qc6 40. Ra7 Bb8
41. Ra6 Qe8 42. Ra8 Qc6 43. Qc4 Qb7 44. Qd5 Qc7 45. Ka2 h6 46. Qb5 Qd6 47. a5
Kh7 48. Qb6 Qd8 49. Rxb8 Rxc2 0-1

[Event "Bad Woerishofen op"]
[Site "?"]
[Date "2000.??.??"]
[Round "4"]
[White "Schaffarth, Marianne"]
[Black "Schoebel, Klaus"]
[Result "1/2-1/2"]
[WhiteElo "1710"]
[BlackElo "1638"]
[PlyCount "27"]
[EventDate "2000.??.??"]

1. e4 e5 2. d4 exd4 3. Qxd4 Nc6 4. Qe3 d6 5. Nc3 Nf6 6. f3 Be7 7. Bd2 Be6 8.
O-O-O Qd7 9. Be1 h6 10. Kb1 O-O 11. Nd5 Ne5 12. f4 Neg4 13. Nxe7+ Qxe7 14. Qf3
1/2-1/2

[Event "Bad Woerishofen op"]
[Site "?"]
[Date "2000.??.??"]
[Round "6"]
[White "Schaffarth, Marianne"]
[Black "Jacob, Konrad"]
[Result "0-1"]
[WhiteElo "1710"]
[BlackElo "2051"]
[PlyCount "60"]
[EventDate "2000.??.??"]

1. e4 c5 2. c3 e6 3. d4 cxd4 4. cxd4 Nf6 5. Nc3 Bb4 6. e5 Nd5 7. Bd2 Qa5 8.
Nxd5 Bxd2+ 9. Qxd2 Qxd5 10. Nf3 Nc6 11. Be2 b6 12. O-O Bb7 13. Rfc1 Rc8 14. Bc4
Qa5 15. Qxa5 Nxa5 16. Be2 Ke7 17. Nd2 Nc6 18. Nb3 a5 19. Bf3 a4 20. Bxc6 Bxc6
21. Nd2 Bd5 22. b3 b5 23. Rc5 Rxc5 24. dxc5 Rc8 25. b4 a3 26. f3 Ra8 27. Ne4
Ra4 28. Nc3 Rxb4 29. Nxd5+ exd5 30. Rd1 Ke6 0-1

[Event "Bad Woerishofen op"]
[Site "?"]
[Date "2000.??.??"]
[Round "7"]
[White "Schaffarth, Marianne"]
[Black "Feicht, Roland"]
[Result "1/2-1/2"]
[WhiteElo "1710"]
[BlackElo "1460"]
[PlyCount "31"]
[EventDate "2000.??.??"]

1. e4 d5 2. exd5 Nf6 3. Bb5+ Nbd7 4. Nc3 a6 5. Be2 Nb6 6. d4 Nbxd5 7. Nxd5 Nxd5
8. Nf3 Bf5 9. a3 e6 10. c4 Nf6 11. O-O h6 12. Bf4 Be7 13. Qa4+ c6 14. Qb3 Bd6
15. Ne5 Rb8 16. Bf3 1/2-1/2

[Event "Bad Woerishofen op"]
[Site "?"]
[Date "2000.??.??"]
[Round "2"]
[White "Schaffarth, Peter"]
[Black "Meyer, Thomas"]
[Result "1-0"]
[WhiteElo "2160"]
[BlackElo "1744"]
[PlyCount "61"]
[EventDate "2000.??.??"]

1. e4 c6 2. d4 d5 3. e5 c5 4. c3 Nc6 5. f4 cxd4 6. cxd4 Bf5 7. Nc3 e6 8. Be3
Bb4 9. Be2 Nge7 10. Nf3 Bg4 11. O-O Nf5 12. Bf2 h5 13. Qa4 Rc8 14. Rfd1 h4 15.
Rac1 Kf8 16. a3 Ba5 17. b4 Bb6 18. b5 Nce7 19. Ng5 Bxe2 20. Nxe2 g6 21. Nf3 Kg7
22. Ne1 g5 23. fxg5 Rxc1 24. Rxc1 Ng6 25. Nf3 Qd7 26. Qb3 Bd8 27. Be3 Nxe3 28.
Qxe3 Rh5 29. Nf4 Bxg5 30. Nxh5+ Kh6 31. Qxg5+ 1-0

[Event "Bad Woerishofen op"]
[Site "?"]
[Date "2000.??.??"]
[Round "4"]
[White "Schaffarth, Peter"]
[Black "Moehle, Friedrich"]
[Result "1-0"]
[WhiteElo "2160"]
[BlackElo "1896"]
[PlyCount "77"]
[EventDate "2000.??.??"]

1. e4 c5 2. c3 e6 3. Nf3 d5 4. Bb5+ Bd7 5. Bxd7+ Qxd7 6. exd5 Qxd5 7. O-O Nc6
8. Na3 Nf6 9. Qa4 a6 10. d4 Nd7 11. c4 Qf5 12. d5 exd5 13. cxd5 Qxd5 14. Re1+
Be7 15. Bg5 f6 16. Rad1 Qf5 17. Be3 g5 18. Qb3 O-O-O 19. Rd5 Qg4 20. Red1 Nce5
21. Nxe5 Nxe5 22. h3 Qf5 23. Bxc5 Rxd5 24. Rxd5 Bxc5 25. Rxc5+ Kb8 26. Qb6 Re8
27. Rc3 Qf4 28. Qc7+ Ka8 29. Nb5 Ng4 30. Qc8+ Rxc8 31. Rxc8+ Qb8 32. Nc7+ Ka7
33. Rxb8 Kxb8 34. Nxa6+ bxa6 35. hxg4 Kc7 36. Kf1 Kc6 37. Ke2 Kd5 38. Ke3 a5
39. b3 1-0

[Event "Bad Woerishofen op"]
[Site "?"]
[Date "2000.??.??"]
[Round "6"]
[White "Schaffarth, Peter"]
[Black "Damm, Fabian"]
[Result "1-0"]
[WhiteElo "2164"]
[BlackElo "2151"]
[PlyCount "145"]
[EventDate "2000.??.??"]

1. e4 e5 2. Ne2 Nf6 3. f4 Nxe4 4. d3 Qh4+ 5. g3 Nxg3 6. Nxg3 exf4 7. Qh5 Qe7+
8. Ne4 d5 9. Qxd5 Qh4+ 10. Nf2 Bd6 11. Be2 O-O 12. Qh5 Qe7 13. O-O g6 14. Qf3
Nc6 15. Qe4 Qh4 16. Nd2 Bf5 17. Nf3 Qh5 18. Qc4 Rfe8 19. Ne4 Bxe4 20. dxe4 g5
21. e5 Bxe5 22. Nxe5 Nxe5 23. Bxh5 Nxc4 24. b3 Nd6 25. Bb2 Nf5 26. Rfd1 Nd6 27.
c4 b6 28. Bf3 Rab8 29. Kf2 Ne4+ 30. Bxe4 Rxe4 31. Bf6 h6 32. Re1 Re6 33. Rxe6
fxe6 34. Rd1 Kf7 35. Be5 Kg6 36. Bxc7 Rc8 37. Rd7 Kf5 38. b4 e5 39. c5 e4 40.
Bd6 bxc5 41. bxc5 a5 42. h3 h5 43. Rh7 Kg6 44. Ra7 g4 45. hxg4 hxg4 46. Bxf4
Rxc5 47. Ra6+ Kf5 48. Bd2 Rc2 49. Rxa5+ Kf6 50. Ke1 g3 51. Bg5+ Ke6 52. Kf1 Kd7
53. Kg1 Kc6 54. Bf4 g2 55. Ra8 Kd5 56. a4 Ra2 57. a5 e3 58. Bxe3 Ke4 59. Bb6
Kf3 60. Rf8+ Kg4 61. Rf7 Kh3 62. Rf3+ Kg4 63. Rb3 Kf4 64. Bc7+ Ke4 65. Rb5 Kf3
66. Rf5+ Ke4 67. Rf6 Rc2 68. Bg3 Kd5 69. a6 Ra2 70. Bf2 Ke5 71. Rb6 Kd5 72.
Kxg2 Kc4 73. Rf6 1-0

[Event "Bad Woerishofen op"]
[Site "?"]
[Date "2000.??.??"]
[Round "8"]
[White "Schaffarth, Peter"]
[Black "Elstner, Herbert"]
[Result "1/2-1/2"]
[WhiteElo "2160"]
[BlackElo "2126"]
[PlyCount "29"]
[EventDate "2000.??.??"]

1. e4 c5 2. c3 d6 3. d4 Nf6 4. Bd3 Nbd7 5. Nf3 e5 6. dxe5 dxe5 7. O-O Be7 8.
Nbd2 O-O 9. Nc4 Qc7 10. Bg5 Re8 11. Qe2 b5 12. Ne3 c4 13. Bc2 Bb7 14. Nf5 Bf8
15. Rad1 1/2-1/2

[Event "Bad Woerishofen op"]
[Site "Bad Woerishofen"]
[Date "2000.??.??"]
[Round "1"]
[White "Schaller, Sven"]
[Black "Semmler, Josef"]
[Result "1/2-1/2"]
[WhiteElo "2308"]
[BlackElo "1934"]
[PlyCount "75"]
[EventDate "1998.03.05"]
[Source "ChessBase"]
[SourceDate "1998.04.29"]

1. Nf3 Nf6 2. c4 e6 3. g3 d5 4. Bg2 Nbd7 5. b3 Bd6 6. Nc3 c6 7. O-O O-O 8. d4
dxc4 9. bxc4 e5 10. e3 a6 11. Qc2 exd4 12. exd4 c5 13. Rd1 Qc7 14. Bg5 h6 15.
dxc5 Bxc5 16. Bf4 Qa5 17. Na4 Re8 18. Nxc5 Nxc5 19. h3 Bd7 20. Nd4 Ba4 21. Nb3
Qb6 22. Rab1 Nxb3 23. axb3 Bc6 24. Rd6 Rac8 25. Qf5 Rcd8 26. c5 Qb4 27. Bxc6
bxc6 28. Rxd8 Rxd8 29. Bxh6 Rd5 30. Qc8+ Kh7 31. Be3 Qb5 32. Ra1 a5 33. Kh2 Re5
34. Qc7 Rxe3 35. fxe3 Qe2+ 36. Kg1 Qxe3+ 37. Kh1 Qf3+ 38. Kg1 1/2-1/2

[Event "Bad Woerishofen op"]
[Site "?"]
[Date "2000.??.??"]
[Round "3"]
[White "Schaller, Sven"]
[Black "Bartels, Holger"]
[Result "0-1"]
[WhiteElo "2308"]
[BlackElo "2150"]
[PlyCount "96"]
[EventDate "2000.??.??"]

1. Nf3 Nf6 2. c4 c5 3. b3 g6 4. Bb2 Bg7 5. e3 O-O 6. Be2 Nc6 7. O-O d5 8. d3 b6
9. Nbd2 Bb7 10. a3 d4 11. e4 a5 12. Ne1 e5 13. Nc2 Qd6 14. Nf3 Ne8 15. Bc1 Nc7
16. Nfe1 Ne6 17. g3 f5 18. exf5 gxf5 19. Bf3 Kh8 20. Rb1 Rab8 21. Bg2 Ne7 22.
Bd2 Ng8 23. b4 axb4 24. axb4 Bxg2 25. Nxg2 e4 26. Qh5 exd3 27. Nce1 Nf6 28.
Qxf5 Nd7 29. Qd5 Qxd5 30. cxd5 Nc7 31. Bf4 Be5 32. bxc5 bxc5 33. Nxd3 Bxf4 34.
Ngxf4 c4 35. Ne6 Nxe6 36. dxe6 Nf6 37. Ne5 c3 38. Rxb8 Rxb8 39. Nc6 d3 40. Nxb8
d2 41. Nd7 Kg7 42. e7 Ne8 43. f4 c2 44. f5 d1=Q 45. f6+ Nxf6 46. Nxf6 Qxf1+ 47.
Kxf1 c1=Q+ 48. Kg2 Qc6+ 0-1

[Event "Bad Woerishofen op"]
[Site "?"]
[Date "2000.??.??"]
[Round "5"]
[White "Schaller, Sven"]
[Black "Senk, Christian"]
[Result "1-0"]
[WhiteElo "2308"]
[BlackElo "2151"]
[PlyCount "71"]
[EventDate "2000.??.??"]

1. d4 d5 2. Nf3 Nf6 3. e3 c5 4. c4 dxc4 5. Bxc4 e6 6. O-O a6 7. e4 cxd4 8. e5
Nfd7 9. Qxd4 Nc6 10. Qf4 Qc7 11. Re1 Ncxe5 12. Nxe5 Nxe5 13. Qxe5 Qxc4 14. Na3
Qb4 15. Be3 f6 16. Qg3 Kf7 17. Qc7+ Qe7 18. Rac1 b5 19. Qg3 Bd7 20. Rc7 Rc8 21.
Ra7 e5 22. Rd1 Ke8 23. Raxd7 Qxd7 24. Rxd7 Kxd7 25. Qg4+ Kc7 26. h4 Rd8 27. g3
Rd7 28. Nb1 Bd6 29. Nc3 Rf8 30. Nd5+ Kd8 31. Qf3 f5 32. Bg5+ Ke8 33. Nb6 e4 34.
Qb3 Rc7 35. Qe6+ Be7 36. Nd5 1-0

[Event "Bad Woerishofen op"]
[Site "?"]
[Date "2000.??.??"]
[Round "7"]
[White "Schaller, Sven"]
[Black "Keller, Manfred"]
[Result "1-0"]
[WhiteElo "2308"]
[BlackElo "2205"]
[PlyCount "81"]
[EventDate "2000.??.??"]

1. d4 Nf6 2. Nf3 g6 3. c4 Bg7 4. Nc3 d5 5. Qb3 dxc4 6. Qxc4 O-O 7. g3 Na6 8.
Bg2 Be6 9. Qb5 c5 10. dxc5 Rc8 11. O-O Nxc5 12. Rd1 Qb6 13. Qxb6 axb6 14. Nd4
Bc4 15. b3 e5 16. Ndb5 Bxb5 17. Nxb5 Nce4 18. Ba3 Rfd8 19. Nd6 Ra8 20. Nxe4
Rxd1+ 21. Rxd1 Nxe4 22. Bb4 Nc5 23. Rd2 Bf6 24. Bd5 Rd8 25. Bc4 Rxd2 26. Bxd2
Bd8 27. Bd5 Kf8 28. b4 Ne6 29. Bxb7 Nd4 30. e3 Nb5 31. a4 Nd6 32. Bd5 Ke7 33.
Kf1 Kd7 34. Ke2 e4 35. Bc3 f5 36. h4 h5 37. Bd4 Nc8 38. Bf7 Ne7 39. Kd2 Kc6 40.
Kc3 Bc7 41. Kc4 1-0

[Event "Bad Woerishofen op"]
[Site "?"]
[Date "2000.??.??"]
[Round "9"]
[White "Schaller, Sven"]
[Black "Maahs, Erich"]
[Result "1-0"]
[WhiteElo "2308"]
[BlackElo "2205"]
[PlyCount "81"]
[EventDate "2000.??.??"]

1. c4 e5 2. Nc3 Nf6 3. a3 d5 4. cxd5 Nxd5 5. e4 Nb6 6. h3 a6 7. Nf3 Nc6 8. d3
Bc5 9. b4 Bd4 10. Bb2 O-O 11. Nxd4 Nxd4 12. Ne2 Nc6 13. Rc1 Qe7 14. Qc2 f5 15.
exf5 Bxf5 16. g4 Be6 17. Bg2 Qf7 18. O-O Bd5 19. f4 Bxg2 20. Kxg2 Qd5+ 21. Kh2
exf4 22. Qc3 Qg5 23. Qb3+ Nd5 24. Rc5 Rad8 25. Nc3 Nce7 26. Ne4 Qh6 27. Rxc7
Kh8 28. g5 Qh4 29. Rxb7 f3 30. Be5 Rf5 31. Bg3 Qh5 32. d4 Nc6 33. Qd3 Nde7 34.
Nd6 Rd5 35. Rxf3 Rxd4 36. Qe3 R4xd6 37. Bxd6 Rxd6 38. Rxe7 Nxe7 39. Qxe7 Rd2+
40. Kg3 h6 41. Rf8+ 1-0

[Event "Bad Woerishofen op"]
[Site "Bad Woerishofen"]
[Date "2000.??.??"]
[Round "2"]
[White "Schelle, Artur"]
[Black "Erenska, Hanna"]
[Result "1/2-1/2"]
[WhiteElo "2100"]
[BlackElo "2250"]
[PlyCount "107"]
[EventDate "1998.03.05"]
[Source "ChessBase"]
[SourceDate "1998.04.29"]

1. e4 c5 2. c3 e6 3. d4 d5 4. e5 Nc6 5. Nf3 Nge7 6. a3 c4 7. Nbd2 Nf5 8. b3
cxb3 9. Nxb3 Be7 10. h4 Bd7 11. Bd3 h5 12. g3 a6 13. a4 Na7 14. O-O Rc8 15. Bd2
Rc7 16. Qe2 O-O 17. Ng5 g6 18. Bxf5 exf5 19. e6 fxe6 20. Nxe6 Bxe6 21. Qxe6+
Kh7 22. Nc5 Bxc5 23. dxc5 Re7 24. Qb6 Qxb6 25. cxb6 Nc6 26. Be3 Re4 27. Rfd1
Rd8 28. Ra2 Ne5 29. Bd4 Nc4 30. f3 Re6 31. Kf2 Kg8 32. Re1 Kf7 33. Rxe6 Kxe6
34. g4 fxg4 35. fxg4 Rf8+ 36. Kg3 Kd6 37. Re2 Kd7 38. Bc5 Rf7 39. Bd4 Re7 40.
Rf2 Nd6 41. Rf8 Re4 42. gxh5 gxh5 43. Kh3 Re1 44. Rh8 Rh1+ 45. Kg3 Nf5+ 46. Kf4
Nxh4 47. Rh7+ Ke6 48. Rxb7 Rf1+ 49. Kg5 Nf3+ 50. Kxh5 Nxd4 51. cxd4 a5 52. Rg7
Rb1 53. b7 Kf5 54. Kh4 1/2-1/2

[Event "Bad Woerishofen op"]
[Site "?"]
[Date "2000.??.??"]
[Round "4"]
[White "Schelle, Artur"]
[Black "Braun, Peter"]
[Result "1-0"]
[WhiteElo "2127"]
[BlackElo "2268"]
[PlyCount "77"]
[EventDate "2000.??.??"]

1. e4 c6 2. d4 d5 3. e5 Bf5 4. Nf3 e6 5. Be2 Ne7 6. O-O c5 7. Be3 cxd4 8. Nxd4
Nbc6 9. f4 Nxd4 10. Bxd4 Nc6 11. Bf2 Qa5 12. Nc3 a6 13. Bf3 Rd8 14. Qe2 Bb4 15.
Nb1 Bc5 16. c3 O-O 17. Nd2 Bxf2+ 18. Qxf2 Qa4 19. Bd1 Qa5 20. Nb3 Qc7 21. Nd4
Be4 22. Bf3 Bxf3 23. Nxf3 Rc8 24. Rad1 b5 25. a3 Na5 26. Nd4 Nc4 27. Rd3 Qe7
28. Rh3 Rc7 29. Qe2 g6 30. g4 Re8 31. g5 h5 32. gxh6 Kh7 33. Kh1 Rb7 34. Qg2
Rg8 35. Re1 a5 36. f5 gxf5 37. Qg7+ Rxg7 38. hxg7+ Kxg7 39. Rg1+ 1-0

[Event "Bad Woerishofen op"]
[Site "?"]
[Date "2000.??.??"]
[Round "5"]
[White "Schelle, Artur"]
[Black "Okrajek, Alexander"]
[Result "1/2-1/2"]
[WhiteElo "2127"]
[BlackElo "2289"]
[PlyCount "115"]
[EventDate "2000.??.??"]

1. e4 c6 2. d4 d5 3. e5 Bf5 4. Nf3 e6 5. Be2 Nd7 6. O-O h6 7. Nbd2 Ne7 8. Re1
Bh7 9. Nf1 Nf5 10. Bd3 Be7 11. Ng3 Nxg3 12. Bxh7 Rxh7 13. fxg3 g5 14. Qd3 Rg7
15. g4 Qc7 16. b3 O-O-O 17. c4 dxc4 18. bxc4 Kb8 19. Ba3 Bxa3 20. Qxa3 Nb6 21.
Qc3 Nd7 22. Qa3 Nb6 23. c5 Nc8 24. Rab1 h5 25. Re4 Rh8 26. Kh1 Ne7 27. d5 cxd5
28. Ra4 Nc8 29. Rab4 hxg4 30. Rxb7+ Qxb7 31. Rxb7+ Kxb7 32. c6+ Kxc6 33. Qa6+
Kc5 34. Qa5+ Kc4 35. Nd2+ Kd3 36. Nb3 Rgh7 37. h3 gxh3 38. g4 h2 39. Qb5+ Ke3
40. Qc5+ Kd3 41. Qd4+ Ke2 42. Qc3 Rh3 43. Nc1+ Kf2 44. Qd2+ Kg3 45. Qxg5 R8h7
46. a4 Nb6 47. Ne2+ Kf3 48. Qd2 Nc4 49. Qd3+ Kxg4 50. Qd4+ Kf3 51. Qd1 Ne3 52.
Ng1+ Ke4 53. Qb1+ Kxe5 54. Nxh3 Rxh3 55. Qd3 f5 56. a5 d4 57. a6 Rh8 58. Qxd4+
1/2-1/2

[Event "Bad Woerishofen op"]
[Site "?"]
[Date "2000.??.??"]
[Round "7"]
[White "Schelle, Artur"]
[Black "Tauber, Manfred"]
[Result "1-0"]
[WhiteElo "2127"]
[BlackElo "2283"]
[PlyCount "83"]
[EventDate "2000.??.??"]

1. e4 c6 2. d4 g6 3. Nc3 d5 4. h3 Bg7 5. Nf3 h6 6. Be3 e6 7. Bd3 Nd7 8. O-O
Ngf6 9. e5 Ng8 10. Ne2 Ne7 11. Nf4 O-O 12. g4 c5 13. c3 a5 14. h4 a4 15. Rc1 c4
16. Bb1 a3 17. bxa3 Re8 18. Qd2 Kh8 19. Nh3 Ng8 20. Kg2 Nf8 21. Rh1 Rxa3 22.
Nhg5 Qe7 23. h5 gxh5 24. Rxh5 f6 25. Rch1 fxg5 26. Bxg5 Qf7 27. Bxh6 Nxh6 28.
Rxh6+ Bxh6 29. Qxh6+ Nh7 30. Ng5 Qg7 31. Qf6 Qxf6 32. Rxh7+ Kg8 33. exf6 Rf8
34. f7+ Rxf7 35. Rxf7 e5 36. Bh7+ Kh8 37. Rf8+ Kg7 38. Rxc8 Kf6 39. Nf3 exd4
40. g5+ Ke7 41. Nxd4 Rxc3 42. Rc7+ 1-0

[Event "Bad Woerishofen op"]
[Site "?"]
[Date "2000.??.??"]
[Round "9"]
[White "Schelle, Artur"]
[Black "de Francesco, Klaus"]
[Result "0-1"]
[WhiteElo "2127"]
[BlackElo "2300"]
[PlyCount "42"]
[EventDate "2000.??.??"]

1. e4 e6 2. d4 d5 3. e5 c5 4. c3 Nc6 5. Nf3 Bd7 6. Be2 Rc8 7. O-O cxd4 8. cxd4
Nb4 9. Nc3 Ne7 10. a3 Nbc6 11. Na4 Nf5 12. b4 Ncxd4 13. Nxd4 Nxd4 14. Qxd4 Bxa4
15. Qxa7 Qd7 16. Be3 Be7 17. f4 O-O 18. f5 exf5 19. Bd3 Bc2 20. Qd4 Qe6 21.
Rae1 g6 0-1

[Event "Bad Woerishofen op"]
[Site "Bad Woerishofen"]
[Date "2000.??.??"]
[Round "1"]
[White "Schellmann, Frank"]
[Black "Lutzenberger, Reimund"]
[Result "1/2-1/2"]
[WhiteElo "1850"]
[BlackElo "2250"]
[PlyCount "89"]
[EventDate "1998.03.05"]
[Source "ChessBase"]
[SourceDate "1998.04.29"]

1. e4 e6 2. d4 d5 3. e5 c5 4. c3 Nc6 5. Nf3 Bd7 6. a3 c4 7. Nbd2 Na5 8. Be2 Bc6
9. O-O Qd7 10. b3 cxb3 11. Nxb3 Ba4 12. Nfd2 Rc8 13. Qc2 Ne7 14. Qb2 Nec6 15.
Rb1 Be7 16. Na1 O-O 17. Nf3 f6 18. exf6 Bxf6 19. Bd3 e5 20. Nxe5 Nxe5 21. dxe5
Bxe5 22. Qb4 Bxc3 23. Qh4 g6 24. Bh6 Rf7 25. Qg3 Bd4 26. Be3 Bxe3 27. Qxe3 d4
28. Qd2 Rc3 29. Rb4 Rxa3 30. Be4 Nc6 31. Bxc6 Bxc6 32. Rxd4 Qe7 33. Rd8+ Rf8
34. Rxf8+ Qxf8 35. Nc2 Ra2 36. Qc3 Qd6 37. Nb4 Rd2 38. Nxc6 bxc6 39. Re1 Qd4
40. Qb3+ Kg7 41. Re7+ Kf6 42. Qf7+ Kg5 43. h4+ Kxh4 44. Rxa7 h5 45. Ra3 1/2-1/2

[Event "Bad Woerishofen op"]
[Site "?"]
[Date "2000.??.??"]
[Round "3"]
[White "Schellmann, Frank"]
[Black "Willim, Michael"]
[Result "1-0"]
[WhiteElo "1850"]
[BlackElo "2124"]
[PlyCount "75"]
[EventDate "2000.??.??"]

1. e4 e6 2. d4 d5 3. e5 c5 4. c3 Nc6 5. Nf3 Bd7 6. a3 f6 7. Bd3 Qb6 8. O-O c4
9. Bc2 Nge7 10. Nbd2 Ng6 11. exf6 gxf6 12. b3 cxb3 13. Nxb3 Bd6 14. Rb1 Qc7 15.
Qe2 O-O-O 16. c4 Rhg8 17. Kh1 h5 18. g3 h4 19. c5 hxg3 20. fxg3 Bxg3 21. hxg3
Qxg3 22. Qg2 Qc7 23. Bxg6 Rh8+ 24. Nh2 Rdg8 25. Rxf6 Be8 26. Bf4 Qg7 27. Be5
Nxe5 28. dxe5 Bxg6 29. Rxg6 Qxg6 30. Qxg6 Rxg6 31. Nd4 Rh4 32. Nb5 Kb8 33. Nd6
Rg7 34. c6 b6 35. Rc1 Re7 36. Kg2 a6 37. Nf3 Kc7 38. Nxh4 1-0

[Event "Bad Woerishofen op"]
[Site "?"]
[Date "2000.??.??"]
[Round "5"]
[White "Schellmann, Frank"]
[Black "Woerl, Richard"]
[Result "1/2-1/2"]
[WhiteElo "1850"]
[BlackElo "2120"]
[PlyCount "53"]
[EventDate "2000.??.??"]

1. e4 e6 2. d4 d5 3. e5 c5 4. c3 Nc6 5. Nf3 Qb6 6. a3 Bd7 7. b4 cxd4 8. cxd4
Nge7 9. Nc3 Nf5 10. Na4 Qd8 11. Bb2 Be7 12. Bd3 Nh6 13. O-O O-O 14. Bc1 f6 15.
Bxh6 gxh6 16. Rc1 Kh8 17. Bb1 fxe5 18. Nxe5 Nxe5 19. dxe5 Bg5 20. Rc3 Bf4 21.
Rh3 Qg5 22. Nc5 Rg8 23. g3 Rad8 24. Nxb7 Rde8 25. Rh5 Qg7 26. Nc5 Bc6 27. Nd3
1/2-1/2

[Event "Bad Woerishofen op"]
[Site "?"]
[Date "2000.??.??"]
[Round "7"]
[White "Schellmann, Frank"]
[Black "Loos, Udo"]
[Result "1-0"]
[WhiteElo "1850"]
[BlackElo "2109"]
[PlyCount "79"]
[EventDate "2000.??.??"]

1. e4 c5 2. Nf3 Nc6 3. c3 d5 4. exd5 Qxd5 5. d4 cxd4 6. cxd4 e5 7. Nc3 Bb4 8.
Bd2 Bxc3 9. Bxc3 e4 10. Ne5 Nxe5 11. dxe5 Ne7 12. Qe2 O-O 13. Rd1 Qxa2 14. Bb4
Re8 15. Bxe7 Qa5+ 16. Qd2 Qxe5 17. Bg5 Bg4 18. Rc1 h6 19. Bf4 Qf6 20. Bc4 Rad8
21. Qe3 g5 22. Bg3 Qc6 23. O-O Qg6 24. Qxa7 Re7 25. h3 Bh5 26. Rfe1 Qf6 27. Qc5
b6 28. Qa3 Kh7 29. Bb5 Re6 30. Rc7 Bg6 31. Bd7 Re5 32. Bxe5 Qxe5 33. Qc3 Qd6
34. Bb5 Qf4 35. Rc8 Rxc8 36. Qxc8 Qe5 37. Qc4 Qxb2 38. Qe2 Qb4 39. Rd1 Bh5 40.
Qxh5 1-0

[Event "Bad Woerishofen op"]
[Site "?"]
[Date "2000.??.??"]
[Round "9"]
[White "Schellmann, Frank"]
[Black "Seifert, Dierk"]
[Result "1/2-1/2"]
[WhiteElo "1850"]
[BlackElo "2167"]
[PlyCount "22"]
[EventDate "2000.??.??"]

1. e4 e6 2. d4 d5 3. e5 c5 4. c3 Nc6 5. Nf3 Qb6 6. a3 c4 7. Nbd2 Na5 8. Be2 Bd7
9. O-O Nb3 10. Nxb3 Ba4 11. Nfd2 Rc8 1/2-1/2